header

Human behavior and the social environment : (Record no. 250390)

MARC details
000 -LEADER
fixed length control field 02263pam a22003494a 4500
001 - CONTROL NUMBER
control field 4101266
003 - CONTROL NUMBER IDENTIFIER
control field OSt
005 - DATE AND TIME OF LATEST TRANSACTION
control field 20151009104304.0
008 - FIXED-LENGTH DATA ELEMENTS--GENERAL INFORMATION
fixed length control field 020829s2003 maua b 001 0 eng
010 ## - LIBRARY OF CONGRESS CONTROL NUMBER
LC control number 2002034261
020 ## - INTERNATIONAL STANDARD BOOK NUMBER
International Standard Book Number 0205359574
035 ## - SYSTEM CONTROL NUMBER
System control number (OCoLC)ocm50554192
System control number (NNC)4101266
040 ## - CATALOGING SOURCE
Original cataloging agency DLC
Transcribing agency DLC
Modifying agency NNC
-- OrLoB-B
042 ## - AUTHENTICATION CODE
Authentication code pcc
050 00 - LIBRARY OF CONGRESS CALL NUMBER
Classification number HV40
Item number .H7813 2003
082 00 - DEWEY DECIMAL CLASSIFICATION NUMBER
Classification number 361.3/2
Edition number 21
245 00 - TITLE STATEMENT
Title Human behavior and the social environment :
Remainder of title social systems theory /
Statement of responsibility, etc Julia M. Norlin ... [et al.].
250 ## - EDITION STATEMENT
Edition statement 4th ed.
260 ## - PUBLICATION, DISTRIBUTION, ETC. (IMPRINT)
Place of publication, distribution, etc Boston, Mass. :
Name of publisher, distributor, etc Allyn and Bacon,
Date of publication, distribution, etc 2003.
300 ## - PHYSICAL DESCRIPTION
Extent xiv, 449 p. :
Other physical details ill. ;
Dimensions 25 cm.
504 ## - BIBLIOGRAPHY, ETC. NOTE
Bibliography, etc Includes bibliographical references and index.
505 00 - FORMATTED CONTENTS NOTE
Miscellaneous information Pt. 1.
Title Overview --
Miscellaneous information Ch. 1.
Title Introduction --
Miscellaneous information Ch. 2.
Title A Social Systems Perspective: The Foundations for Social Systems Theory --
Miscellaneous information Ch. 3.
Title Social Systems Theory: General Features --
Miscellaneous information Pt. 2.
Title The Individual --
Miscellaneous information Ch. 4.
Title The Individual: Theories of Psychology Used by Social Workers --
Miscellaneous information Ch. 5.
Title Psychosocial Theory: A Social Systems Perspective --
Miscellaneous information Pt. 3.
Title The Social Group --
Miscellaneous information Ch. 6.
Title The Social Group: An Introduction --
Miscellaneous information Ch. 7.
Title The Social Group: Theoretical Support --
Miscellaneous information Ch. 8.
Title The Family as a System of Roles --
Miscellaneous information Ch. 9.
Title The Social Group and Family: Social Systems Theory --
Miscellaneous information Pt. 4.
Title The Formal Organization --
Miscellaneous information Ch. 10.
Title The Formal Organization: An Introduction --
Miscellaneous information Ch. 11.
Title The Formal Organization: Social Systems Theory --
Miscellaneous information Ch. 12.
Title The Formal Organization as a Social System --
Miscellaneous information Pt. 5.
Title The Community --
Miscellaneous information Ch. 13.
Title The Community: An Introduction --
Miscellaneous information Ch. 14.
Title The Community: Social Systems Theory --
Miscellaneous information Ch. 15.
Title Social Stratification and Diversity.
520 1# - SUMMARY, ETC.
Summary, etc "This text provides a framework for evaluating various theories and a context for addressing social work practice with varying levels of social systems. The text examines the basic concepts in each of the various system sizes: the social group, the family, the organization, and the community."--BOOK JACKET.
650 #0 - SUBJECT ADDED ENTRY--TOPICAL TERM
Topical term or geographic name as entry element Social service.
Topical term or geographic name as entry element Social systems.
Topical term or geographic name as entry element Social systems
General subdivision Mathematical models.
Topical term or geographic name as entry element Human behavior.
700 1# - ADDED ENTRY--PERSONAL NAME
Personal name Norlin, Julia M.
900 ## - EQUIVALENCE OR CROSS-REFERENCE-PERSONAL NAME [LOCAL, CANADA]
Numeration TOC
942 ## - ADDED ENTRY ELEMENTS (KOHA)
Source of classification or shelving scheme Library of Congress Classification
Koha item type Long Loan Books
Holdings
Withdrawn status Lost status Source of classification or shelving scheme Damaged status Not for loan Home library Current library Shelving location Date acquired Total Checkouts Full call number Barcode Date last seen Date checked out Price effective from Koha item type
    Library of Congress Classification     Rongo University Library Rongo University Library General Stacks 09/10/2015 1 HV40 .H7813 2003 20088465 03/11/2023 26/09/2023 09/10/2015 Long Loan Books

© 2026 Rongo University
Contact us: librarian | system librarian | Rongo university